000 00837nam a2200205 a 4500
001 001022968
003 AM-YeHGA
005 20250617162259.0
008 140605s1946 ||||||||||||||||||||rus d
040 _aAM-YeHGA
041 0 _arus
100 1 _aРечменский, С.С.
245 1 0 _aИммунитет :
_b(природа антигена и антитела) /
_cРечменский, С.С.; МЗ СССР, ЦИУВ .
260 _aМосквa :
_bБ. и.,
_c1946.
300 _a62 с. :
_bил.
650 1 4 _aХимическая иммунология
650 1 4 _aПриобретенная невосприимчивость
710 2 _aМинистерство здравоохранения СССР .
_bЦентральный институт усовершенствования врачей
090 _c489890
999 _c486521
_d486521